Upward-only clauses common (Record no. 117657)

MARC details
000 -LEADER
fixed length control field 01229cam a2200241 4500
001 - CONTROL NUMBER
control field WB@3612-568
008 - FIXED-LENGTH DATA ELEMENTS--GENERAL INFORMATION
fixed length control field 040706n2004 000 0 eng u
035 ## - SYSTEM CONTROL NUMBER
System control number (Sirsi) u126720
245 ## - TITLE STATEMENT
Title Upward-only clauses common
260 ## - PUBLICATION, DISTRIBUTION, ETC.
Date of publication, distribution, etc. 2004
490 ## - SERIES STATEMENT
Series statement Property Week
Volume/sequential designation 69(27) 2 July 2004, 7(1)
520 ## - SUMMARY, ETC.
Summary, etc. Upward-only rent reviews are still common, despite the "Code of practice for commercial leases England and Wales" (ISBN 1842190989), research by RICS has shown. Only 7% of respondents to RICS's annual survey said upward-only rent reviews were becoming less prevalent. The survey shows that nearly a third of tenants asked for more flexible lease terms because of the Code, up from 20% last year. While around 42% of landlords were offering more flexible terms, up from 32%. Government will decide at the end of 2004 whether to legislate against upward-only rent review clauses.
590 ## - LOCAL NOTE (RLIN)
Local note WB
590 ## - LOCAL NOTE (RLIN)
Local note WB
600 ## - SUBJECT ADDED ENTRY--PERSONAL NAME
Personal name LEASE LENGTH
650 ## - SUBJECT ADDED ENTRY--TOPICAL TERM
Topical term or geographic name entry element UPWARD ONLY RENT REVIEWS
650 ## - SUBJECT ADDED ENTRY--TOPICAL TERM
Topical term or geographic name entry element RICS RESEARCH
650 ## - SUBJECT ADDED ENTRY--TOPICAL TERM
Topical term or geographic name entry element FLEXIBLE LEASES
650 ## - SUBJECT ADDED ENTRY--TOPICAL TERM
Topical term or geographic name entry element COMMERCIAL LEASES
650 ## - SUBJECT ADDED ENTRY--TOPICAL TERM
Topical term or geographic name entry element CODE FOR LEASING BUSINESS PREMISES IN ENGLAND AND WALES
690 ## - LOCAL SUBJECT ADDED ENTRY--TOPICAL TERM (OCLC, RLIN)
Topical term or geographic name as entry element LANDLORD AND TENANT-BUSINESS TENANCIES
942 ## - ADDED ENTRY ELEMENTS (KOHA)
Suppress in OPAC 0
Holdings
Withdrawn status Lost status Source of classification or shelving scheme Damaged status Not for loan Home library Current library Shelving location Date acquired Total Checkouts Full call number Barcode Date last seen Copy number Price effective from Koha item type
    Dewey Decimal Classification     London London News article 06/07/2004   WB4026-16 126720-1001 06/08/2019 1 06/08/2019 News article